000 009210000a22002410004500
001 18341
003 CO-MdBIC
020 _aI-58802-232-3
040 _bspa.
082 0 4 _aG 268.6 L4931e
100 1 _aLeFever, Marlene D.
245 1 0 _aEstilos de aprendizaje : cómo enseñar a cada uno de los que Dios nos confió / Marlene D. Lefever ; traducido por Kerstin Anderas de Lundquist
260 _aMiami, Florida : Patmos
300 _a382 p.
336 _atexto
_btxt
_2rdacontent
337 _2rdamedia
_asin mediación
_bn
338 _2rdacarrier
_avolumen
_bnc
500 _aTitulo original : Learning styles
501 _aRustico
505 0 0 _aComo comprender los estilos de aprendizaje -- Historia de los cuatro estilos -- los estilos de aprendizaje y el plan de Dios -- métodos para la vista, el oído y el movimiento -- estilos de aprendizaje
650 1 4 _aAPRENDIZAJE \ EDUCACION CRISTIANA
942 _cBK
999 _c44789
_d44789